Bandera de la Unión en países y territorios - Estadísticas

Estadísticas generales
  • Esta prueba ha sido intentada 11 veces
  • La puntuación promedio es 9 de 22
Estadísticas de respuestas
País/Territorio % Correcto
Reino Unido
100%
Fiyi
75%
Islas Vírgenes Británcas
75%
Australia
63%
Nueva Zelanda
63%
Islas Turcas y Caicos
50%
Niue
50%
Islas Caimán
38%
Islas Georgias del Sur y Sandwich del Sur
38%
Islas Malvinas
38%
Islas Pitcairn
38%
Santa Elena, Ascensión y Tristán de Acuña
38%
Tuvalu
38%
Anguila
25%
Bermudas
25%
Islas Cook
25%
Montserrat
25%
Acrotiri y Dhekelia
13%
Islas Ashmore y Cartier
13%
Islas del Mar Coral
13%
Islas Heard y McDonald
13%
Territorio Británico del Océano Índico
13%
No se encontraron pruebas coincidentes
Distribución de puntuación
Porcentaje de gente con cada puntuación
Porcentaje por número respondido
Historial de tus puntuaciones
No has intentado esta prueba.